EXCEPTIONAL CHILDREN. (Record no. 9636)
[ view plain ]
| 000 -LEADER | |
|---|---|
| fixed length control field | 00535cas a2200169 4500 |
| 008 - FIXED-LENGTH DATA ELEMENTS--GENERAL INFORMATION | |
| fixed length control field | 141114n eng u |
| 022 ## - INTERNATIONAL STANDARD SERIAL NUMBER | |
| International Standard Serial Number | 00144029 |
| 035 ## - SYSTEM CONTROL NUMBER | |
| System control number | (Sirsi) a186174 |
| 050 ## - LIBRARY OF CONGRESS CALL NUMBER | |
| Classification number | LC3951.E95 |
| 245 ## - TITLE STATEMENT | |
| Title | EXCEPTIONAL CHILDREN. |
| 260 ## - PUBLICATION, DISTRIBUTION, ETC. | |
| Place of publication, distribution, etc. | Virginia |
| Name of publisher, distributor, etc. | Council for Exceptional Children |
| 310 ## - CURRENT PUBLICATION FREQUENCY | |
| Current publication frequency | Quarterly. |
| 362 ## - DATES OF PUBLICATION AND/OR SEQUENTIAL DESIGNATION | |
| Dates of publication and/or sequential designation | Vol. 28, 1961-62 - Vol. 43, No. 8, 1977 |
| 520 ## - SUMMARY, ETC. | |
| Summary, etc. | It contains articles in special education, research and developments. |
| 650 ## - SUBJECT ADDED ENTRY--TOPICAL TERM | |
| Topical term or geographic name entry element | Disability. |
| 780 ## - PRECEDING ENTRY | |
| Main entry heading | Journal of Exceptional Children |
| Withdrawn status | Lost status | Source of classification or shelving scheme | Damaged status | Not for loan | Home library | Current library | Shelving location | Total Checkouts | Full call number | Barcode | Date last seen | Copy number | Price effective from | Koha item type |
|---|---|---|---|---|---|---|---|---|---|---|---|---|---|---|
| Library of Congress Classification | Main Library | Main Library | Serials | LC3951.E95 | 40294381977 | 08/12/2019 | 1 | 08/12/2019 | Periodical | |||||
| Library of Congress Classification | Main Library | Main Library | Serials | LC3951.E95 | 4029281961-62 | 08/12/2019 | 2 | 08/12/2019 | Periodical |